| 000 | 00349nam a2200145Ia 4500 | ||
|---|---|---|---|
| 005 | 20251222152029.0 | ||
| 008 | 251222s9999||||xx |||||||||||||| ||spa|| | ||
| 020 | _a8425339383 | ||
| 082 | _a860/L67 | ||
| 100 | _aLiss, David | ||
| 245 | 0 | _aLa Conjura | |
| 250 | _a1ra. ed. | ||
| 264 | _bGrupo Editorial Ramdon House Mondadori, S.L. | ||
| 942 | _cLIB | ||
| 999 |
_c25612 _d25612 |
||